Godišnik 2013-2014

Enregistré dans:
Détails bibliographiques
Format: Livre
Langue:bulgare
anglais
allemand
russe
Publié: Varna Ikonomičeski universitet 2015
Sujets:
Tags: Ajouter un tag
Pas de tags, Soyez le premier à ajouter un tag!

MARC

LEADER 00000nam$a2200000$$$4500
001 0221614
005 20250901082039.3
022 |a 0861-6752 
041 0 |a bul 
041 0 |a eng 
041 0 |a ger 
041 0 |a rus 
044 |a BG 
245 1 0 |a Godišnik 2013-2014 
264 1 |a Varna  |b Ikonomičeski universitet  |c 2015 
300 |a 307 s. 
610 2 0 |a veda ekonomická 
610 2 0 |a prostredie ekonomické 
610 2 0 |a makroekonomika 
610 2 0 |a obchod 
610 2 0 |a obdobie prechodné 
610 2 0 |a porovnanie medzinárodné 
610 2 0 |a situácia hospodárska 
610 2 0 |a indexy 
610 2 0 |a modely 
610 2 0 |a podnikanie 
610 2 0 |a burzy 
610 2 0 |a vzdelávanie 
610 2 0 |a kariéra 
610 2 0 |a podnik priemyselný 
610 2 0 |a inovácia 
610 2 0 |a mikroekonomika 
610 2 0 |a náklady 
610 2 0 |a meranie 
610 2 0 |a Bulharsko